00603 2200241 4500001002100000005001700021008004100038020001800079035002400097082001100121090001800132100001200150245004100162250001100203260002100214300002900235500002700264650002000291850001600311980001300327985000600340999001500346YOGYA-0209000001752120090227022752.0 ind  a979-533-039-X 0010-020900000017521 a621.57 a621.57bSum D aSUMANTO aDasar-dasar mesin pendingincSumanto aCet. 3 aYogyakartac1994 avi, 105 hlmbilusc21 cm aBibliografi : hlm. 105 aMesin pendingin aYOPDYOG (B) a30-01-06 a1 a97P0091124